[Event "King Abdullah II op 3rd"]
[Site "Amman"]
[Date "2009.06.18"]
[Round "1"]
[White "Salem, Abdallah"]
[Black "Mohammed, Aloufe"]
[Result "1-0"]
[WhiteElo "1766"]
[BlackElo "2033"]
[PlyCount "24"]
[EventDate "2009.06.18"]
[EventType "swiss"]
[EventRounds "9"]
[EventCountry "JOR"]
[SourceTitle "EXT 2022"]
[Source "ChessBase"]
[SourceDate "2021.10.06"]
[SourceVersion "1"]
[SourceVersionDate "2021.10.06"]
[SourceQuality "1"]

1. d4 d5 2. Nf3 Nf6 3. c4 e6 4. Nc3 c6 5. e3 Bd6 6. Bd3 Nbd7 7. 0-0 0-0 8. e4 dxc4 9. Bxc4 e5 10. Bg5 h6 11. Bh4 Qe7 12. Qc2 exd4 1-0